Guidelines protect environment from fuel leaks. (Record no. 73769)
[ view plain ]
| 000 -LEADER | |
|---|---|
| fixed length control field | 01066cam a2200205 4500 |
| 001 - CONTROL NUMBER | |
| control field | WB3943-06 |
| 008 - FIXED-LENGTH DATA ELEMENTS--GENERAL INFORMATION | |
| fixed length control field | 031112n2003 000 0 eng u |
| 035 ## - SYSTEM CONTROL NUMBER | |
| System control number | (Sirsi) u124286 |
| 245 ## - TITLE STATEMENT | |
| Title | Guidelines protect environment from fuel leaks. |
| 260 ## - PUBLICATION, DISTRIBUTION, ETC. | |
| Date of publication, distribution, etc. | 2003 |
| 490 ## - SERIES STATEMENT | |
| Series statement | Scottish Executive News Release |
| Volume/sequential designation | 6 November 2003 (2) |
| 520 ## - SUMMARY, ETC. | |
| Summary, etc. | A new code of practice produced by the industry and the Scottish Environment Protection Agency (SEPA)is to offer guidance on fuel storage and protecting the environment. It is to provide good practice advice to owners and operators of fuel dispensing and storage facilities with underground or partially buried storage tanks. It will help operators comply with the requirements of the Groundwater Regulations 1998. To view the news release go to http://www.scotland.gov.uk/pages/news/2003/11/SEEN679.aspx. |
| 590 ## - LOCAL NOTE (RLIN) | |
| Local note | WB |
| 650 ## - SUBJECT ADDED ENTRY--TOPICAL TERM | |
| Topical term or geographic name entry element | SCOTTISH EXECUTIVE |
| 650 ## - SUBJECT ADDED ENTRY--TOPICAL TERM | |
| Topical term or geographic name entry element | SCOTTISH ENVIRONMENT PROTECTION AGENCY |
| 650 ## - SUBJECT ADDED ENTRY--TOPICAL TERM | |
| Topical term or geographic name entry element | FUEL STORAGE |
| 650 ## - SUBJECT ADDED ENTRY--TOPICAL TERM | |
| Topical term or geographic name entry element | GROUNDWATER |
| 690 ## - LOCAL SUBJECT ADDED ENTRY--TOPICAL TERM (OCLC, RLIN) | |
| Topical term or geographic name as entry element | ENVIRONMENT - CONTAMINATION |
| 942 ## - ADDED ENTRY ELEMENTS (KOHA) | |
| Suppress in OPAC | 0 |
| Withdrawn status | Lost status | Source of classification or shelving scheme | Damaged status | Not for loan | Home library | Current library | Shelving location | Date acquired | Total Checkouts | Full call number | Barcode | Date last seen | Copy number | Price effective from | Koha item type |
|---|---|---|---|---|---|---|---|---|---|---|---|---|---|---|---|
| Dewey Decimal Classification | London | London | News article | 12/11/2003 | WB3943-06 | 124286-1001 | 06/08/2019 | 1 | 06/08/2019 | News article |